Social'no-ekonomičeskije aspekty privatizacii žil'ja.
Vypracovanie nových základov bytového zákonodárstva v ZSSR. Problémy tvorby trhu s bytmi v podmienkach ich deficitu. Bytová politika a životné minimum. Nedostupnosť kúpy bytov pre väčšinu obyvateľov. Formy privatizácie bytov v niektorých republikách.
Salvato in:
| Autore principale: | |
|---|---|
| Natura: | Capitolo di libro |
| Lingua: | russo |
| Soggetti: | |
| Tags: |
Nessun Tag, puoi essere il primo ad aggiungerne!!
|
MARC
| LEADER | 00000naa a2200000 4500 | ||
|---|---|---|---|
| 001 | r006444 | ||
| 005 | 20221130103023.7 | ||
| 041 | 0 | |a rus | |
| 044 | |a [SU] | ||
| 245 | 1 | 0 | |a Social'no-ekonomičeskije aspekty privatizacii žil'ja. |c D. Chodžajev |
| 520 | |a Vypracovanie nových základov bytového zákonodárstva v ZSSR. Problémy tvorby trhu s bytmi v podmienkach ich deficitu. Bytová politika a životné minimum. Nedostupnosť kúpy bytov pre väčšinu obyvateľov. Formy privatizácie bytov v niektorých republikách. | ||
| 610 | 2 | 0 | |a privatizácia |
| 610 | 2 | 0 | |a byty |
| 610 | 2 | 0 | |a zákonodarstvo |
| 610 | 2 | 0 | |a ZSSR |
| 610 | 2 | 0 | |a politika sociálna |
| 610 | 2 | 0 | |a trh |
| 100 | 1 | |a Chodžajev, D. | |